000
00362nam a2200169Ia 4500
003
0STCL
008
150530s9999 xx 000 0 und d
040
_a
STCL
_c
STCL
100
_a
Davis, C.P.
245
_a
Cost accounting part I
250
_a
Third
260
_c
1990
546
_a
English
942
_2
ddc
_c
BK
999
_c
41479
_d
41479
005
20220125170535.0